| 000 | 00988cab a22002175a 4500 | ||
|---|---|---|---|
| 001 | L143034 | ||
| 008 | 080403e20080401xxk f f000 0 eng d | ||
| 035 | _a(Sirsi) u143034 | ||
| 041 | 0 | _aeng | |
| 110 | 1 |
_aUnited Kingdom _bDepartment for Work and Pensions _95352 |
|
| 245 | 0 | 0 |
_aHealth and Safety Commission and Health and Safety Executive merge to form a single regulatory body _h[electronic resource] |
| 260 | _c2008 | ||
| 490 |
_aDepartment for Work and Pensions Press Release _v1 April 2008 |
||
| 520 | _aReports that the resulting merged body will be called the Health and Safety Executive. Explains details of the resulting reorganisation and strategic alterations. | ||
| 590 | _aKA | ||
| 650 | 2 | 4 | _aLEGISLATIVE AND REGULATORY REFORM ACT 2006 |
| 651 | 4 |
_aUnited Kingdom _y |
|
| 690 |
_aHealth and safety _96244 |
||
| 856 | 4 | 0 |
_uhttps://www.dwp.gov.uk/mediacentre/pressreleases/2008/apr/emp070-010408.asp _zView the press release free of charge at www.dwp.gov.uk... |
| 942 | _n0 | ||
| 999 |
_c80028 _d80028 |
||